| 000 | 00903cam a2200157ua 4500 | ||
|---|---|---|---|
| 041 |
_aeng _h |
||
| 082 |
_a692.5 _bBAI/AB |
||
| 100 | _aBailey, R G . | ||
| 110 | 1 |
_aBailey . _bR G _c() |
|
| 245 |
_aABC of builders estimating / _cR G Bailey. _hTextual Documents |
||
| 260 |
_aLondon : _bCrosby Lovekwood and son ltd , _c1962. |
||
| 300 | _a76 ; . | ||
| 504 | _a | ||
| 942 | _cBK | ||
| 999 |
_c10348 _d10348 |
||